Guess the War from the Date - Statistics

General Stats
  • This quiz has been taken 64 times
  • The average score is 8 of 14
Answer Stats
Date Event % Correct
1914-1918 World War 1
98%
1939-1945 World War 2
98%
1950-1953 Korean War
80%
1955-1975 Vietnam War
80%
1861-1865 American Civil War
60%
1990-1991 Gulf War
53%
1936-1939 Spanish Civil War
53%
1812-1815 War of 1812
47%
2001-2014 Afghanistan War
44%
2003-2011 Iraq War
44%
1917-1922 Russian Civil War
44%
1775-1783 American Revolutionary War
38%
1846-1848 Mexican-American War
29%
1919-1921 Irish War of Independence
5%
No matching quizzes found
Score Distribution
Percent of People with Each Score
Percentile by Number Answered
Your Score History
You have not taken this quiz